<?xml version="1.0" encoding="UTF-8"?>
<record
    xmlns:xsi="http://www.w3.org/2001/XMLSchema-instance"
    xsi:schemaLocation="http://www.loc.gov/MARC21/slim http://www.loc.gov/standards/marcxml/schema/MARC21slim.xsd"
    xmlns="http://www.loc.gov/MARC21/slim">

  <leader>03410nac a22002651u 4500</leader>
  <controlfield tag="008">100725t        xxu||||| |||| 00| 0 eng d</controlfield>
  <datafield tag="010" ind1=" " ind2=" ">
    <subfield code="a">  2004025983</subfield>
  </datafield>
  <datafield tag="020" ind1=" " ind2=" ">
    <subfield code="a">0815630557 </subfield>
  </datafield>
  <datafield tag="082" ind1="0" ind2="0">
    <subfield code="a">305.48697</subfield>
    <subfield code="b">BEY</subfield>
    <subfield code="2">22</subfield>
  </datafield>
  <datafield tag="100" ind1=" " ind2=" ">
    <subfield code="a">20080729                     </subfield>
    <subfield code="9">16777</subfield>
  </datafield>
  <datafield tag="245" ind1="0" ind2="0">
    <subfield code="a">Beyond the exotic :</subfield>
    <subfield code="b">Women's Histories in Islamic societies /</subfield>
    <subfield code="c">edited by Amira El-Azhary Sonbol.</subfield>
  </datafield>
  <datafield tag="250" ind1=" " ind2=" ">
    <subfield code="a">1st ed.</subfield>
  </datafield>
  <datafield tag="260" ind1=" " ind2=" ">
    <subfield code="a">Syracuse, N.Y. :</subfield>
    <subfield code="b">Syracuse University Press,2005</subfield>
    <subfield code="c">2005.</subfield>
  </datafield>
  <datafield tag="300" ind1=" " ind2=" ">
    <subfield code="a">xxxviii, 522 p. ;</subfield>
    <subfield code="c">24 cm.</subfield>
  </datafield>
  <datafield tag="504" ind1=" " ind2=" ">
    <subfield code="a">Includes bibliographical references (p. 467-500) and index.</subfield>
  </datafield>
  <datafield tag="505" ind1="0" ind2=" ">
    <subfield code="a">History then, history now : the role of medieval Islamic religio-political sources in shaping the modern debate on gender / Denise A. Spellberg -- The Qur'an and history / Barbara Freyer Stowasser -- Muslim women : public authority, scriptures, and "Islamic law" / Haifaa Khalafallah -- Gendered sources in ethnohistorical research : the study of emigration from a Lebanese village / Patricia Mihaly Nabti -- Individualism and political modernity : devout Catholic women in Aleppo and Lebanon between the seventeenth and nineteenth centuries / Bernard Heyberger -- Women, patronage, and charity in Ottoman Istanbul / Fariba Zarinebaf -- Consciousness of self / Randi Deguilhem -- Sources for the study of slave women and concubines in Ottoman Egypt / Nelly Hanna -- Thoughts on women and slavery in the Ottoman era and historical sources / Madeline Zilfi -- Observations on the use of sharia court records as a source of social history / Ramadan al-Khowli -- Mahkama records as a source for women's history / Fatima Zohra Guechi -- And God knows best : the fatwa as a source for the history of gender in the Arab world / Judith E. Tucker -- Gender violence in Ottoman law / Elyse Semerdjian -- Mixed and other courts / Amira El-Azhary Sonbol -- Islamic personal law in American courts / Richard Freeland -- Learning gendered modernity / Lisa Pollard -- The use of textbooks as a source of history for women / Mona Russell -- Sources on the education of Ottoman women in the prime ministerial Ottoman archive for the period of reforms in the nineteenth and early twentieth centuries / Selc&#xCC;&#xA7;uk Aks&#xCC;&#xB2;in Somel -- The history of the discourses on gender and Islamism in contemporary Egypt (1980-1990) / Mervat F. Hatem -- Female patronage of Mamluk architecture in Cairo / Howayda al-Harithy -- Islamic art as a source for the study of women in premodern societies / Sheila S. Blair -- Discerning the hand-of-Fatima : an iconological investigation of the role of gender in religious art / Diane Apostolos-Cappadona -- Oral traditions as a source for the study of Muslim women / Valerie J. Hoffman -- Political science without clothes : the politics of dress, or, contesting the spatiality of the state in Egypt / Mamoun Fandy.</subfield>
  </datafield>
  <datafield tag="650" ind1=" " ind2="0">
    <subfield code="a">Muslim women</subfield>
    <subfield code="x">Historiography.</subfield>
    <subfield code="9">16778</subfield>
  </datafield>
  <datafield tag="650" ind1=" " ind2="0">
    <subfield code="a">Women</subfield>
    <subfield code="z">Islamic countries</subfield>
    <subfield code="x">Historiography.</subfield>
    <subfield code="9">16779</subfield>
  </datafield>
  <datafield tag="650" ind1=" " ind2="0">
    <subfield code="a">Muslim women</subfield>
    <subfield code="x">Social conditions.</subfield>
    <subfield code="9">16780</subfield>
  </datafield>
  <datafield tag="650" ind1=" " ind2="0">
    <subfield code="a">Women</subfield>
    <subfield code="z">Islamic countries</subfield>
    <subfield code="x">Social conditions.</subfield>
    <subfield code="9">16781</subfield>
  </datafield>
  <datafield tag="700" ind1="1" ind2=" ">
    <subfield code="a">Sonbol, Amira El Azhary.</subfield>
    <subfield code="9">16782</subfield>
  </datafield>
  <datafield tag="856" ind1="4" ind2="1">
    <subfield code="3">Table of contents</subfield>
    <subfield code="u">http://www.loc.gov/catdir/toc/ecip053/2004025983.html</subfield>
  </datafield>
  <datafield tag="942" ind1=" " ind2=" ">
    <subfield code="c">BB</subfield>
    <subfield code="k">305.48697 S6982</subfield>
    <subfield code="2">ddc</subfield>
  </datafield>
  <datafield tag="999" ind1=" " ind2=" ">
    <subfield code="c">2543</subfield>
    <subfield code="d">2543</subfield>
  </datafield>
  <datafield tag="952" ind1=" " ind2=" ">
    <subfield code="0">0</subfield>
    <subfield code="1">0</subfield>
    <subfield code="4">0</subfield>
    <subfield code="7">0</subfield>
    <subfield code="a">MAIN</subfield>
    <subfield code="b">MAIN</subfield>
    <subfield code="c">1ST</subfield>
    <subfield code="d">2007-02-25</subfield>
    <subfield code="e">Purchase</subfield>
    <subfield code="l">12</subfield>
    <subfield code="m">12</subfield>
    <subfield code="o">305.48697 BEY</subfield>
    <subfield code="p">000001722</subfield>
    <subfield code="r">2025-07-15 00:00:00</subfield>
    <subfield code="s">2024-06-13</subfield>
    <subfield code="y">BB</subfield>
  </datafield>
</record>
